Villes de France en un Gif - Statistiques

Statistiques générales
  • Ce quiz a été pris 133 fois
  • Le résultat moyen est 20 sur 30
Statistiques - réponses
Hint Réponse % Correct
Lourdes
90%
Bordeaux
89%
Marseille
88%
St Tropez
86%
Le Mans
85%
Dijon
84%
St Etienne
84%
Nantes
81%
Vichy
79%
t Dunkerque
78%
Millau
78%
Lens
74%
Bergerac
73%
Versailles
70%
Reims
68%
Roubaix
64%
Grenoble
63%
Levallois-Perret
61%
Rennes
61%
Lorient
59%
Auxerre
52%
Toulouse
52%
Rochefort
51%
Biarritz
48%
Paris
47%
Bastia
45%
Nancy
43%
Cherbourg
41%
Calais
35%
Belfort
30%
Aucun quiz correspondant
Distribution des résultats
% des personnes avec chaque résultat
Percentile par nombre de réponses
Votre historique - résultats
Vous n’avez pas pris ce quiz